A carregar...
Psychology of every day life /
| Autor principal: | |
|---|---|
| Idioma: | Undetermined |
| Assuntos: |
| LEADER | 00365nam a2200121Ia 4500 | ||
|---|---|---|---|
| 001 | 143690 | ||
| 008 | 170722s9999 xx 000 0 und d | ||
| 100 | |a Drever, J. | ||
| 245 | |a Psychology of every day life / | ||
| 653 | |a Pshychology | ||
| 942 | |c GEN | ||
| 999 | |c 41302 |d 41302 | ||
| 952 | |0 0 |1 0 |4 0 |6 S_H87 |7 0 |8 LC1 |9 56223 |a LIB |b LIB |d 2017-08-12 |h LC1 |o S H87 |p 41127 |r 2017-08-12 |w 2017-08-12 |y GEN | ||